[Event "Challenge"]
[Site "http://www.queenalice.com/game.php?id=1438529"]
[Date "2016.8.30"]
[Round "-"]
[White "ArnoBlack"]
[Black "sophiedurga"]
[Result "0-1"]
[WhiteElo "1881"]
[BlackElo "1852"]

1. Nf3 a6 2. h3 e6 3. d4 Nf6 4. Bg5 d6 5. Nc3 Be7 6. h4 h6 7. Bf4 Ng4 8. Qd2 Nc6
9. g3 e5 10. d5 Na5 11. b3 exf4 12. gxf4 b5 13. Bh3 Bf6 14. a3 Bd7 15. e3 O-O
16. Ke2 c5 17. Rab1 Re8 18. Kf1 Rc8 19. Bxg4 Bxg4 20. Ng1 Bxh4 21. f3 Bh5 22. e4
f5 23. e5 Nb7 24. e6 Qf6 25. Qe3 Re7 26. Rxh4 Qxh4 27. Re1 Qf6 28. Nce2 Be8 29.
Ng3 g6 30. Nh3 Qb2 31. Qe2 Qxa3 32. Nxf5 gxf5 33. Qg2+ Rg7 34. Qe2 Rcc7 35. Qd3
c4 36. Qxf5 cxb3 37. e7 Rcxe7 38. Qd3 Rxe1+ 39. Kxe1 Qc1+ 40. Kf2 Qxc2+ 0-1

[Event "Challenge"]
[Site "http://www.queenalice.com/game.php?id=1440789"]
[Date "2016.9.12"]
[Round "-"]
[White "sophiedurga"]
[Black "Marcelin07"]
[Result "0-1"]
[WhiteElo "1897"]
[BlackElo "1708"]

1. e4 e5 2. f4 exf4 3. d4 Qe7 4. Bd3 d5 5. e5 Qh4+ 6. g3 fxg3 7. Nf3 g2+ 8. Ke2
Bg4 9. Ke3 Qh3 10. Rg1 Nh6 11. Kf2 Bxf3 12. Qxf3 Ng4+ 13. Ke2 Qxf3+ 14. Kxf3 h5
15. Rxg2 Nc6 16. c3 Be7 17. Na3 O-O 18. h3 Ncxe5+ 19. dxe5 Nxe5+ 20. Ke2 Rae8
21. Bf4 Bxa3 22. bxa3 Re7 23. Bxe5 Rxe5+ 24. Kd2 g6 25. Re2 Rxe2+ 26. Bxe2 f5
27. Rg1 Kh7 28. Bf3 c6 29. Re1 Kg7 30. a4 Rf7 31. a3 a5 32. Kd3 Kf6 33. h4 Re7
34. Rxe7 Kxe7 35. Kd4 Kd6 36. c4 c5+ 37. Kc3 d4+ 38. Kd3 b6 39. Bd5 Ke7 40. Bc6
Kf6 41. Be8 Kg7 42. Bc6 Kf6 43. Bf3 Ke5 44. Bd5 Kf4 45. Bf7 Kg4 46. Bxg6 f4 47.
Ke4 f3 48. Bxh5+ Kxh5 49. Kxf3 Kxh4 50. Kf4 d3 51. Ke3 Kg4 52. Kxd3 Kf4 53. Kc3
Ke4 54. Kc2 Kd4 55. Kb3 Kd3 56. Kb2 Kxc4 57. Ka2 Kc3 58. Kb1 c4 59. Ka2 Kd2 60.
Ka1 c3 61. Kb1 Kd1 62. Ka2 c2 63. Ka1 Kd2 64. Kb2 c1=Q+ 65. Kb3 Qc2# 0-1

[Event "Challenge"]
[Site "http://www.queenalice.com/game.php?id=1442074"]
[Date "2016.9.20"]
[Round "-"]
[White "sophiedurga"]
[Black "alexraponi"]
[Result "1-0"]
[WhiteElo "1880"]
[BlackElo "1893"]

1. e4 e5 2. f4 exf4 3. d4 g5 4. Bc4 Qe7 5. Nc3 c6 6. Nf3 d6 7. O-O h6 8. Re1 Be6
9. d5 Bd7 10. e5 Kd8 11. exd6 Qxd6 12. Ne4 Qb4 13. Bb3 Rh7 14. c3 Qb6+ 15. Kh1
Na6 16. Ne5 f6 17. Nc4 Qc7 18. d6 Qb8 19. Qd4 Bg7 20. Nf2 b6 21. Nd2 Rh8 22. Nf3
Nc5 23. Bc2 Ne6 24. Qd3 Nc5 25. Qc4 Qxd6 26. b4 b5 27. Qxc5 Qxc5 28. bxc5 Ne7
29. Bb2 Nd5 30. Rab1 Ne3 31. Bd3 Kc7 32. h3 a5 33. Bc1 Nd5 34. Bd2 h5 35. Nd4
Rhe8 36. Ne4 Re7 37. Nd6 Rxe1+ 38. Rxe1 b4 39. Rc1 bxc3 40. Bxc3 Nxc3 41. Rxc3
g4 42. Bf5 gxh3 43. Rxh3 a4 44. Rxh5 Rb8 45. Rh7 Rg8 46. Kg1 Kd8 47. Ne6+ Bxe6
48. Bxe6 Rf8 49. Rxg7 Re8 50. Rd7# 1-0

[Event "Challenge"]
[Site "http://www.queenalice.com/game.php?id=1442119"]
[Date "2016.9.20"]
[Round "-"]
[White "eduardofelix"]
[Black "sophiedurga"]
[Result "0-1"]
[WhiteElo "1929"]
[BlackElo "1841"]

1. e4 e6 2. Bc4 d5 3. Bb5+ c6 4. Bd3 Nf6 5. e5 Nfd7 6. Nf3 Qc7 7. Qe2 Na6 8.
Bxa6 bxa6 9. d4 Rb8 10. a3 c5 11. Be3 Rxb2 12. Bc1 Rb8 13. O-O cxd4 14. Bf4 Bc5
15. Rd1 O-O 16. Nxd4 Rb2 17. Rd2 Bxd4 18. Rxd4 Rxc2 19. Qd3 Nxe5 20. Qe3 f6 21.
g3 Bd7 22. Nd2 Rc3 23. Bxe5 fxe5 24. Rd3 Rc2 25. Nf1 d4 26. Qe1 Ba4 27. f4 Qc4
28. Rdd1 exf4 29. Qb4 e5 30. Qxc4+ Rxc4 31. Re1 Rc5 32. gxf4 Rxf4 33. Rab1 Bc6
34. Rb8+ Kf7 35. Rc8 e4 36. Rc7+ Kg6 37. Rxa7 Bb5 38. a4 Bxf1 39. Rxf1 Rg5+ 40.
Kh1 Rxf1# 0-1

[Event "Challenge"]
[Site "http://www.queenalice.com/game.php?id=1442766"]
[Date "2016.9.25"]
[Round "-"]
[White "sophiedurga"]
[Black "Lapoule"]
[Result "0-1"]
[WhiteElo "1869"]
[BlackElo "1298"]

1. e4 e5 2. f4 Bc5 3. Nf3 d6 4. Bc4 Nf6 5. d3 h6 6. d4 exd4 7. Nxd4 Nxe4 8.
Bxf7+ Kxf7 9. Qh5+ Kf6 10. c3 Nc6 11. Be3 Qe7 12. O-O g6 13. Qf3 Nxd4 14. cxd4
Bb6 15. Nc3 Nxc3 16. bxc3 c6 17. f5 gxf5 18. Rae1 Qg7 19. g4 Bd7 20. c4 Rag8 21.
c5 Qxg4+ 22. Kh1 Qxf3+ 23. Rxf3 dxc5 24. dxc5 Bc7 25. Bd4+ Kf7 26. Bxh8 Rxh8 27.
Rfe3 Bd8 28. Rd1 Be6 29. a3 f4 30. Rf3 Bd5 31. Rxd5 cxd5 32. Rxf4+ Ke6 33. Ra4
a6 34. Rb4 Rh7 35. Kg2 Rc7 36. Kf1 Be7 37. Rb6+ Ke5 38. Rxh6 Rxc5 39. Ke2 d4 40.
Rh5+ Ke4 41. Rh7 d3+ 42. Kd1 Bg5 43. Ke1 Rc1+ 44. Kf2 d2 45. Rd7 d1=Q 46. Rxd1
Rxd1 47. a4 Ra1 48. Kg3 Kf5 49. a5 Rxa5 50. h4 b5 0-1

[Event "Challenge"]
[Site "http://www.queenalice.com/game.php?id=1442794"]
[Date "2016.9.25"]
[Round "-"]
[White "ORNELAS"]
[Black "sophiedurga"]
[Result "0-1"]
[WhiteElo "1615"]
[BlackElo "1861"]

1. b3 e5 2. Bb2 Nc6 3. d3 Bc5 4. e3 d5 5. Nd2 Nf6 6. a3 d4 7. e4 b5 8. b4 Bd6 9.
Ngf3 a5 10. bxa5 Rxa5 11. Nb3 Ra4 12. g3 b4 13. Bg2 Bg4 14. O-O O-O 15. Qc1 bxa3
16. Bxa3 Bxa3 17. Rxa3 Qa8 18. Rxa4 Qxa4 19. Nh4 Ra8 20. Qg5 Nb4 21. Rc1 Be6 22.
Nf5 g6 23. Ne7+ Kg7 24. Nc5 Qb5 25. Nxe6+ fxe6 26. h4 Nc6 27. Bf3 Nxe7 28. h5
Rh8 29. h6+ Kf7 30. Ra1 c5 31. Qxe5 Qb6 32. Kg2 Nc6 33. Qg5 Qc7 34. e5 Qxe5 35.
Qxe5 Nxe5 36. Ra7+ Nfd7 37. Be4 Ke7 38. f4 Ng4 39. Bc6 Rd8 40. Kf3 Nxh6 41. g4
Nf7 42. g5 e5 43. fxe5 Nxe5+ 44. Ke4 Nxc6 45. Rc7 Kd6 46. Rb7 Re8+ 47. Kf4 Rb8
48. Rxb8 Ncxb8 49. Ke4 Na6 50. c4 Nb4 51. Kf3 Nxd3 52. Ke4 Nb2 53. Kf4 Ne5 54.
Ke4 d3 55. Ke3 Nexc4+ 56. Kf2 d2 57. Kf3 d1=Q+ 58. Kf4 Qd4+ 59. Kf3 Nd3 60. Ke2
Qe3+ 61. Kf1 Qf2# 0-1

[Event "Challenge 2"]
[Site "http://www.queenalice.com/game.php?id=1446337"]
[Date "2016.10.19"]
[Round "-"]
[White "sophiedurga"]
[Black "eduardofelix"]
[Result "1-0"]
[WhiteElo "1869"]
[BlackElo "1909"]

1. e4 e5 2. f4 g6 3. Nf3 d6 4. d4 exf4 5. Bxf4 Bg7 6. Bc4 c6 7. O-O c5 8. dxc5
Bxb2 9. Qd5 Qe7 10. cxd6 Qd7 11. Ne5 Bxe5 12. Qxe5+ Kf8 13. Qxh8 Nc6 14. Bh6+
Ke8 15. Qxg8# 1-0

[Event "Challenge"]
[Site "http://www.queenalice.com/game.php?id=1451689"]
[Date "2016.11.24"]
[Round "-"]
[White "filou"]
[Black "sophiedurga"]
[Result "1-0"]
[WhiteElo "2016"]
[BlackElo "1889"]

1. Nf3 Nf6 2. c4 c5 3. Nc3 d5 4. cxd5 Nxd5 5. e4 Nxc3 6. bxc3 f6 7. d4 e6 8. Be2
a6 9. a4 cxd4 10. cxd4 Bb4+ 11. Bd2 Nc6 12. O-O Nxd4 13. Bxb4 Qb6 14. Qxd4 Qxd4
15. Nxd4 e5 16. Nb3 Be6 17. Nc5 Bf7 18. Nxb7 Ra7 19. Nd6+ Kd7 20. Nxf7 Rc7 21.
Nxh8 1-0

[Event "Challenge"]
[Site "http://www.queenalice.com/game.php?id=1453279"]
[Date "2016.12.4"]
[Round "-"]
[White "Lapoule"]
[Black "sophiedurga"]
[Result "1-0"]
[WhiteElo "1604"]
[BlackElo "1893"]

1. e4 e6 2. d4 d5 3. exd5 Qxd5 4. c4 Qd8 5. Nf3 f6 6. a3 c5 7. d5 Bd6 8. Nc3 Nd7
9. Nb5 Qe7 10. dxe6 Qxe6+ 11. Be2 Bb8 12. O-O a6 13. Nc3 Ne7 14. Bd3 Qf7 15. Re1
O-O 16. Be4 Nc6 17. Bd5 1-0

[Event "Challenge"]
[Site "http://www.queenalice.com/game.php?id=1458034"]
[Date "2017.1.5"]
[Round "-"]
[White "sophiedurga"]
[Black "alexraponi"]
[Result "1-0"]
[WhiteElo "1878"]
[BlackElo "1866"]

1. e4 e5 2. f4 exf4 3. Nf3 Nc6 4. c3 Bd6 5. Bc4 Ne5 6. Qe2 h6 7. O-O Nf6 8. Nxe5
O-O 9. Bxf7+ Rxf7 10. Nxf7 Kxf7 11. e5 Qe7 12. Qc4+ Qe6 13. Qxe6+ dxe6 14. exd6
cxd6 15. Rxf4 e5 16. Rf2 Kg8 17. d3 b5 18. h3 Bb7 19. Nd2 d5 20. Nf1 e4 21. d4
Re8 22. Be3 a5 23. Ng3 b4 24. a4 b3 25. Ra3 Ba6 26. Rxb3 Bc4 27. Rb7 Rc8 28. Nf5
Ne8 29. Ne7+ Kh7 30. Nxc8 Ba6 31. Rb8 Nf6 32. Nb6 Kg6 33. Rd8 Bc4 34. Nxc4 dxc4
35. d5 Kf7 36. Bc5 Kg6 37. g4 Kf7 38. Rf8+ Kg6 39. d6 Nd7 40. Rc8 Nf6 41. Rxf6+
Kxf6 42. d7 Kg6 43. d8=Q h5 44. Qe8+ 1-0

[Event "Challenge"]
[Site "http://www.queenalice.com/game.php?id=1460542"]
[Date "2017.1.21"]
[Round "-"]
[White "alexraponi"]
[Black "sophiedurga"]
[Result "1-0"]
[WhiteElo "1874"]
[BlackElo "1893"]

1. d4 d5 2. h3 Bf5 3. Nf3 f6 4. a3 e6 5. e3 Bd6 6. Nc3 c5 7. Bb5+ Nc6 8. Bxc6+
bxc6 9. O-O Ne7 10. dxc5 Bxc5 11. Ne2 a5 12. Ned4 Qd7 13. Nxf5 Nxf5 14. Bd2 O-O
15. b4 Bb6 16. c3 a4 17. Bc1 c5 18. e4 Ne7 19. exd5 exd5 20. bxc5 Bxc5 21. Nd4
Ng6 22. Qh5 Bxd4 23. cxd4 Rfe8 24. Be3 Re4 25. Qf3 f5 26. Qd1 f4 27. Bc1 h6 28.
Qd3 Rae8 29. Bd2 R8e6 30. f3 Qb5 31. Qxb5 Rxd4 32. Bb4 Ne7 33. Qxa4 Ng6 34. Qd7
Re2 35. Be1 Rd3 36. a4 Nh4 37. Qd8+ Kh7 38. Qxh4 g5 39. Qg4 Kg6 40. Rc1 Rde3 41.
Rc6+ Kf7 42. Qh5+ Ke7 43. Bb4+ Kd7 44. Rd6+ Kc7 45. Qf7+ Re7 46. Qxd5 R2e5 47.
Qc6+ Kb8 48. Qb6+ Kc8 49. Rc6+ Kd7 50. Bxe7 Rxe7 51. Rd1+ Ke8 52. Rc8+ Kf7 53.
Qxh6 Re5 54. Rd7+ Re7 55. Qh7+ Kf6 56. Qxe7+ Kf5 57. Qf7+ Ke5 58. Re8# 1-0

[Event "Challenge"]
[Site "http://www.queenalice.com/game.php?id=1462352"]
[Date "2017.2.2"]
[Round "-"]
[White "sophiedurga"]
[Black "filou"]
[Result "1-0"]
[WhiteElo "1876"]
[BlackElo "2077"]

1. e4 e5 2. f4 Nf6 3. d3 d6 4. f5 Bd7 5. Nc3 Nc6 6. Be3 Nd4 7. h3 Bc6 8. Nf3
Nxf3+ 9. Qxf3 d5 10. O-O-O d4 11. Bxd4 exd4 12. Nb1 Qd6 13. Qe2 Qe5 14. a3 O-O-O
15. c4 dxc3 16. Nxc3 Bc5 17. g4 g6 18. Qc2 Be3+ 19. Kb1 h5 20. Bg2 b6 21. Qe2
Bd4 22. Rc1 Bb7 23. a4 Ba6 24. Qd2 Nd7 25. b4 Kb8 26. b5 Nc5 27. bxa6 Nb3 28.
Qb2 Nxc1 29. Rxc1 hxg4 30. Qb4 gxh3 31. Bh1 h2 32. Ne2 Bc5 33. Qc4 Rd7 34. Kc2
g5 35. Rd1 Rhd8 36. Bg2 g4 37. Kd2 Bf2 38. Kc2 c5 39. Nc3 Rh8 40. Ne2 Be3 41.
Qb5 Rhd8 42. a5 Rd6 43. d4 Bxd4 44. Nxd4 Rxd4 45. axb6 Rxd1 46. bxa7+ Kc7 47.
Qb7+ Kd6 48. Qb8+ Ke7 49. Qxe5+ Kf8 50. a8=Q Rd7 51. Qh8+ Ke7 52. f6+ 1-0

[Event "Challenge"]
[Site "http://www.queenalice.com/game.php?id=1469002"]
[Date "2017.3.16"]
[Round "-"]
[White "sophiedurga"]
[Black "alexraponi"]
[Result "1-0"]
[WhiteElo "1886"]
[BlackElo "1850"]

1. e4 e5 2. f4 exf4 3. Nf3 d6 4. Bc4 h6 5. d4 g5 6. O-O a6 7. h3 Nc6 8. Nc3 Nf6
9. Re1 Be7 10. e5 dxe5 11. dxe5 Qxd1 12. Rxd1 Nh5 13. Nd5 Bd8 14. b3 Be6 15. Bb2
O-O 16. Nf6+ Nxf6 17. exf6 Bxc4 18. bxc4 Nb4 19. Rd2 c5 20. a4 a5 21. Re2 Bb6
22. Re7 Rab8 23. Rae1 Nxc2 24. R1e2 Ne3 25. Ne5 Rbd8 26. Nd7 Rxd7 27. Rxd7 Rb8
28. Be5 Re8 29. Bc7 Bxc7 30. Rxc7 Rb8 31. Rxc5 b6 32. Rc6 Kh7 33. Rb2 Rd8 34.
Kh2 Rd4 35. Rbxb6 Nxc4 36. Rb8 Ne3 37. Rc7 Rd2 38. Rxf7+ Kg6 39. Rff8 Rxg2+ 40.
Kh1 f3 41. Rg8+ Kxf6 42. Rbf8+ Ke5 43. Rxf3 Re2 44. Rh8 Nf5 45. Re8+ Kd6 46.
Rxe2 Nh4 47. Rd3+ Kc5 48. Re8 Kc4 49. Ra3 Kb4 50. Ree3 h5 51. Reb3+ Kc4 52. Rb5
g4 53. Rxh5 Nf3 54. hxg4 Nd2 55. g5 Kb4 56. Ra1 Ne4 57. Rh4 Kb3 58. Rxe4 Kb2 59.
Rf1 Kb3 60. Rf3+ Kc2 61. Re2+ Kd1 62. Rg2 Ke1 63. Ra3 Kd1 64. Ra1# 1-0

[Event "Challenge"]
[Site "http://www.queenalice.com/game.php?id=1473812"]
[Date "2017.4.17"]
[Round "-"]
[White "sophiedurga"]
[Black "Aspayne"]
[Result "0-1"]
[WhiteElo "1900"]
[BlackElo "2118"]

1. e4 c6 2. d4 d5 3. Nc3 dxe4 4. Nxe4 Nd7 5. Bc4 Ngf6 6. Nxf6+ Nxf6 7. c3 e6 8.
Nf3 Be7 9. Ne5 O-O 10. Qe2 Nd5 11. O-O c5 12. Bd2 cxd4 13. cxd4 Bf6 14. Bc3 Nxc3
15. bxc3 b6 16. a4 Bb7 17. Qd3 Rc8 18. Qc2 Bxe5 19. dxe5 Rxc4 20. Rfd1 Qg5 21.
g3 Qxe5 22. Rd4 Qxd4 0-1

[Event "Challenge"]
[Site "http://www.queenalice.com/game.php?id=1474975"]
[Date "2017.4.24"]
[Round "-"]
[White "filou"]
[Black "sophiedurga"]
[Result "1/2-1/2"]
[WhiteElo "2122"]
[BlackElo "1876"]

1. e4 c6 2. d4 d5 3. e5 Bf5 4. Nf3 e6 5. Be2 Be4 6. O-O h6 7. c4 Bxf3 8. Bxf3
dxc4 9. Be3 b5 10. Be4 h5 11. f4 f5 12. Bf3 g6 13. b3 Ne7 14. bxc4 bxc4 15. Qa4
Nd5 16. Bd2 Qd7 17. Qxc4 Be7 18. Nc3 Kf7 19. Na4 Ba3 20. Rab1 Qc7 21. Rb3 Be7
22. Rfb1 h4 23. h3 Nd7 24. Bxd5 exd5 25. Qc2 Rab8 26. Nc5 Nxc5 27. dxc5 Ke6 28.
Be3 Qa5 29. Kf2 Rbc8 30. Rg1 Qa6 31. Rbb1 Qa5 32. Kf3 Qc7 33. Rh1 Qd7 34. Bd4
Bd8 35. Qe2 Qc7 36. Qa6 Qd7 37. Rb7 Rc7 38. Rhb1 Rh7 39. Rxc7 Qxc7 40. Rb3
1/2-1/2

[Event "Challenge"]
[Site "http://www.queenalice.com/game.php?id=1482887"]
[Date "2017.6.19"]
[Round "-"]
[White "alexraponi"]
[Black "sophiedurga"]
[Result "0-1"]
[WhiteElo "1828"]
[BlackElo "1901"]

1. d4 c6 2. h3 d5 3. Nf3 f6 4. Bf4 Qb6 5. b3 Be6 6. Bd2 Bf7 7. Nc3 Nd7 8. e3
O-O-O 9. Na4 Qc7 10. Bd3 g5 11. O-O e5 12. dxe5 Nxe5 13. Nxe5 Qxe5 14. Bc3 Qd6
15. Bd4 Kb8 16. Qe1 Rd7 17. Bc5 Qe5 18. Bxf8 Bg6 19. Bc5 Ne7 20. Bxg6 hxg6 21.
Bd4 Qd6 22. Bc5 Qc7 23. Bxe7 Rxe7 24. Qc3 Reh7 25. f4 Rxh3 26. gxh3 Rxh3 27. Kg2
Qc8 28. Kf2 gxf4 29. Qxf6 fxe3+ 30. Ke1 Qg4 31. Nc5 a6 32. Qd8+ Ka7 33. Qe7 Qb4+
34. Ke2 Qd2# 0-1